000 00451nam a2200181Ia 4500
008 240925s9999 xx 000 0 und d
020 _a9781902505985
082 _a658.72 NIC
100 _aNickson David
245 0 _aIP Procurement Handbook for SMEs
250 _a1st
260 _aUttar Pradesh:
_bBCS
_cNA
300 _axxvi, 623p.
_bNA
_fOriginal
500 _aIncludes Index
600 _aManagement
650 _aManagement
942 _cBK
999 _c12406
_d12406